000 00464nam a2200157 4500
999 _c5865
_d5865
008 161122b xxu||||| |||| 00| 0 eng d
022 _a9770118389007
082 _aDPer 641.05 F73 Mar-Jul 2013
100 _917803
_aDe Rivera, Angeli
245 _aParty on a sunday/
_cAngeli De Rivera.
260 _aQuezon City:
_bABS CBN Publishing, Inc.,
_c©2013.
300 _apages 54-5;
_c30 cm.
500 _aFood.
650 0 _917804
_aParties
942 _2ddc
_cPER